000 00623nam a2200169 i 4500
001 102035
003 ES-MaACL
005 20230906183032.0
007 t|
008 051102s1925 sp ||||1| spa d
110 2 _aCámara de la Propiedad Urbana de Madrid.
_92406
245 1 0 _aMemoria de los trabajos realizados por esta Corporación durante el ejercicio de 1924-25 /
_cCámara Oficial de la Propiedad Urbana de Madrid.
260 _aMadrid :
_bSucesores de Rivadeneyra,
_c1925.
300 _a51 p. ;
_c24 cm.
610 2 4 _aCámara de la Propiedad Urbana de Madrid-
_vMemorias.
_9158941
852 _aES-MaACL
_j1692-F-3
999 _c102035
_d102035